Digitalization of Record-of-Rights and Registration System for Transfer of land in Bangladesh / (Record no. 81498)
[ view plain ]
| 000 -LEADER | |
|---|---|
| fixed length control field | 00952nam a2200241 a 4500 |
| 001 - CONTROL NUMBER | |
| RUCL Control Number | 81498 |
| 003 - CONTROL NUMBER IDENTIFIER | |
| rucl marc code | BD-RjUL |
| 005 - DATE AND TIME OF LATEST TRANSACTION | |
| control field | 20230601112646.0 |
| 008 - FIXED-LENGTH DATA ELEMENTS--GENERAL INFORMATION | |
| fixed length control field | 230601s2021 bg a|||| m||| 00| 0 eng d |
| 035 ## - SYSTEM CONTROL NUMBER | |
| system control number | (BD-RjUL)81498 |
| 040 ## - CATALOGING SOURCE | |
| Original cataloging agency | BD-RjUL |
| Language of cataloging | eng |
| Transcribing agency | BD-RjUL |
| Modifying agency | BD-RjUL |
| 041 ## - LANGUAGE CODE | |
| Language code of Book | eng |
| 082 ## - DEWEY DECIMAL CLASSIFICATION NUMBER | |
| Classification number | 333.33095492 |
| Author mark and Year | HAI 2021 |
| DDC Edition number | 23 |
| 100 ## - MAIN ENTRY--PERSONAL NAME | |
| Personal name | Haque, Md. Mojammel |
| 9 (RLIN) | 7817 |
| 245 10 - TITLE STATEMENT | |
| Title | Digitalization of Record-of-Rights and Registration System for Transfer of land in Bangladesh / |
| Statement of responsibility, etc | Md. Mojammel Haque ; |
| Name of Supervisor/Co-Supervisor | Supervisor : Md. Hashibul Alam Prodhan |
| 260 ## - PUBLICATION, DISTRIBUTION, ETC. (IMPRINT) | |
| Place of publication, distribution, etc | Rajshahi : |
| Name of publisher, distributor, etc | Institute of Bangladesh Studies, University of Rajshahi, |
| Date of publication, distribution, etc | 2021 |
| 300 ## - PHYSICAL DESCRIPTION | |
| Pagination | xxii, 232 Leaves : |
| Other physical details | ill, ; |
| Dimensions | 29 cm. |
| 502 ## - DISSERTATION NOTE | |
| Dissertation note | Thesis (Ph. D.) -- Institute of Bangladesh Studies, University of Rajshahi, 2021 |
| 504 ## - BIBLIOGRAPHY, ETC. NOTE | |
| Bibliography, etc | Bibliography : Leaves 229-232 |
| 650 ## - SUBJECT ADDED ENTRY--TOPICAL TERM | |
| Topical term or geographic name as entry element | land Transfer |
| Geographic subdivision | Bangladesh |
| 9 (RLIN) | 7818 |
| 700 ## - ADDED ENTRY--SUPERVISOR/CO-SUPERVISOR NAME | |
| Personal name | Prodhan, Md. Hashibul Alam, Supervisor |
| 9 (RLIN) | 7819 |
| 942 ## - ADDED ENTRY ELEMENTS (KOHA) | |
| Source of classification or shelving scheme | Dewey Decimal Classification |
| Koha item type | Theses |
| Source of classification or shelving scheme | Damaged status | Not for loan | Collection code | Permanent Location | Current Location | Shelving location | Date of accession | Source of acquisition | Total Checkouts | Full call number | Barcode | Date last seen | Copy number | Thesis |
|---|---|---|---|---|---|---|---|---|---|---|---|---|---|---|
| Dewey Decimal Classification | Not For Loan | Theses | Central Library, University of Rajshahi | Central Library, University of Rajshahi | Documentation Section | 29/03/2023 | C1 | THE 333.33095492 HAI 2021 | D4804 | 01/06/2023 | C-1 | Theses |